00326nam a2200121Ia 4500008004100000020001500041041001200056100001400068245007500082260002900157300000800186650001000194221030s9999 xx 000 0 und d a8123910274 aEnglish aM. G. Say 4aThe Performance & Design of Alternating Current Machinescby M. G. Say bCBS PubaNew Delhic2012 a664 aCivil